000 00867nam a2200229 a 4500
001 39951
003 BD-RjUL
005 20211209053112.0
008 160420r19791972 ||||e |||| 00| 0 d
020 _c: TK.30.00
035 _a(BD-RjUL)40065
040 _aBD-RjUL
_bben
_cBD-RjUL
041 _aben
082 _223
_bROB 1979
_a891.4414
245 0 0 _aরবীন্দ্র বিচিত্রা /
_cবিশ্বনাথ দে সম্পাদিত
260 _aকলিকাতা :
_bসাহিত্যম,
_c১৯৭৯
300 _a[৮], ২৭৯ পৃ. ;
_c২১ সেমি.
600 _aঠাকুর, রবীন্দ্রনাথ
_d১৮৬১ -১৯৪১
_9123061
600 _cTagore, Rabindranath
_d1861 - 1941
_9123062
700 _aদে, বিশ্বনাথ, সম্পাদক
_9123056
942 _2ddc
_cBK
999 _c39951
_d39951